Представление документа в формате RUSMARC

ПолеНазваниеЗначение
  Тип записи a
  Библиографический уровень m
001 Контрольный номер RU/УОНБ/EK/595344599
005 Дата корректировки 20241101134342.3
010 Индекс ISBN __
d Цена 6 р. 15 к.
9 Тираж 50000 экз.
b Уточнения в пер.
100 Данные общей обработки __
a Данные общей обработки 20181112d1955 u y0rusy0189||||ca
101 Язык документа 0_
a Язык текста rus
102 Страна публикации __
a Страна публикации RU
105 Кодированные данные (монография) __
a Кодированные данные (монография) a z 000ay
200 Заглавие и сведения об ответственности 1_
a Заглавие Сочинения
e Сведения, относящиеся к заглавию [для старш. возраста
f Первые сведения об ответственности М.Е. Салтыков-Щедрин
g Последующие сведения об ответственности ил. В. Литвиненко]
210 Выходные данные 1_
a Место издания Киев
c Издательство Молодь
d Дата издания 1955
215 Физическое описание __
a Объем 327 с.
c Иллюстрации/тип воспроизводства ил., 1 л. портр.
d Формат 21 см
225 Серия 1_
a Серия Школьная библиотека
327 Примечание о содержании 01
a Примечание о содержании Содерж.: История одного города ; Сказки
606 Тематические рубрики 0_
a Основная рубрика Проза (х. л.)
610 Ключевые слова 0_
a Ключевые слова проза русская 19 в.
686 Индексы других классификаций __
a Классификационный индекс 84Р1
2 Код системы rubbk
700 Автор _1
a Фамилия Салтыков-Щедрин
b Имя (инициалы) М.Е.
g Полное личное имя Михаил Евграфович
702 Вторичная интеллектуальная ответственность _1
a Фамилия Литвиненко
b Имя (инициалы) В.
4 Код отношения 440
801 Источник записи _0
a Страна RU
b Организация Ульяновская ОНБ
c Дата составления 20181112
g Правила каталогизации RCR
801 Источник записи _1
a Страна RU
b Организация Ульяновская ОНБ
c Дата составления 20181112
g Правила каталогизации RCR
901 Тип документа __
t Тип документа m
909 Создатель записи __
a Создатель записи Моргунова
938 Служебная информация __
a Имя БД retro
b Имя библиотеки УОНБ
c Имя АИБС МАРК-SQL
d Номер DOC_ID в БД 270634